000 01009nam a2200313 a 4500
001 BRCA_4090
005 20190320204536.0
008 230210s1992----u--a######---#000-0#eng-#
020 _a0801834589
020 _a080184388X
041 _aeng
044 _au
050 4 _aD16
_b.G56 1992
100 1 _aGinzburg, Carlo
_910588
245 1 0 _aClues, Myths, and the Historical Method
_cCarlo Ginzburg ; translated by John and Anne C. Tedeschi.
260 _aBaltimore, Maryland
_bJohns Hopkins Paperbacks
_c1992
300 _axvii, 231 p.
_bil.
_c23 cm.
500 _aIncluye índice de nombres
500 _aTraducción de: Miti emblemi spie: morfologia e storia
500 _aEjemplar engargolado
500 _aPor política no se presta a domicilio
504 _aIncluye referencias bibliográficas
650 1 4 _aMetodología
_xHistoria
_910589
650 1 4 _aHistoriografía
_910590
700 1 _aTedeschi, John
_910591
700 1 _aTedeschi, Anne C.
_910592
902 _aeng
942 _2lcc
_cB
999 _c3812
_d3812